000 00429nam a2200181Ia 4500
001 14791
005 20260306164940.0
008 260306t2001||||xx |||||||||||||| ||spa||
041 _aESP
082 _a519.2
_bW73
100 _aWisniewski, Piotr Marian
_eAUT
245 0 _aProblemario de probabilidad
260 _c2001
300 _a553 páginas :
_c23 cm.
650 _aGEN
654 _aCMA
942 _cLIB
_dJUS
_fJUS
_2ddc
_n
999 _c14791
_d14791